[Event "112th ch-SUI 2012"]
[Site "Flims SUI"]
[Date "2012.07.12"]
[Round "1.2"]
[White "Gerber,R"]
[Black "Domont,A"]
[Result "1-0"]
[WhiteElo "2407"]
[BlackElo "2364"]

1.c4 c6 2.Nc3 d5 3.d4 Nf6 4.Nf3 dxc4 5.a4 e6 6.e4 Bb4 7.e5 Nd5 8.Bd2 Bxc3
9.bxc3 b5 10.Ng5 b4 11.Qh5 Qe7 12.Bxc4 Ba6 13.Bxa6 bxc3 14.Bc1 Nxa6 15.O-O Nab4
16.a5 Nc2 17.Ra4 Rb8 18.Rc4 h6 19.Ne4 O-O 20.Bg5 f6 21.exf6 Qf7 22.Qd1 Na3
23.Ra4 Qg6 24.fxg7 Rf7 25.Rxa3 Qxe4 26.Bxh6 Rb4 27.Rb3 Qg6 28.Rxb4 Nxb4 29.Qb1 Qxh6
30.Qxb4 Qd2 31.Qb8+ Kxg7 32.Qe5+ Rf6 33.Qc7+ Kh6 34.Qe5 Kg6 35.Qe4+ Kg7 36.Qg4+ Kf7
37.Qh5+ Kg7 38.Qg4+ Kf8 39.Qd1 Rf4 40.Qxd2 cxd2 41.Rd1 Rxd4 42.Kf1 Ke7 43.Ke2 Ra4
44.Rxd2 Rxa5 45.g4 Re5+ 46.Kf3 a5 47.Ra2 Rb5 48.h4 Kf6 49.Kg3 c5 50.Ra4 Kg6
51.h5+ Kg5 52.Re4 Kf6 53.Rf4+ Kg7 54.Rc4 Kf6 55.f4 e5 56.g5+ Kf5 57.g6 exf4+
58.Rxf4+  1-0

[Event "Turkish Bank Chess League 2012"]
[Site "Konya TUR"]
[Date "2012.07.12"]
[Round "2"]
[White "Pantsulaia,L"]
[Black "Keler,F"]
[Result "1-0"]
[WhiteElo "2557"]
[BlackElo "2238"]

1.c4 c6 2.Nf3 d5 3.g3 Nf6 4.Bg2 dxc4 5.O-O Nbd7 6.Na3 Nb6 7.Qc2 Be6 8.Ne5 Qd4
9.Nxc6 bxc6 10.Bxc6+ Kd8 11.Bxa8 Nxa8 12.Nb5 Qd5 13.Nc3 Qd4 14.Qa4 Bd7 15.Qb4 Nb6
16.d3 Qg4 17.Be3 Kc7 18.dxc4 Kb7 19.Bxb6 axb6 20.Na4 Bxa4 21.Qxa4 e6 22.Rad1 Bc5
23.b4 Qxc4 24.Rd7+ Nxd7 25.Qxd7+ Kb8 26.bxc5 Qxc5 27.Qxf7 Rd8 28.Qxg7 h5
29.Qf6 Qd5 30.e4 Qd6 31.Rb1 Rd7 32.Qh8+ Ka7 33.Qxh5  1-0

[Event "11th La Fere Open"]
[Site "La Fere FRA"]
[Date "2012.07.12"]
[Round "7.34"]
[White "Brobecker,A"]
[Black "Baillie,A"]
[Result "1-0"]
[WhiteElo "1793"]
[BlackElo "1418"]

1.c4 c6 2.g3 Nf6 3.Bg2 d5 4.cxd5 cxd5 5.Nf3 e6 6.O-O Nc6 7.Nc3 Bd6 8.d3 O-O
9.Bg5 Be7 10.a3 a6 11.e4 d4 12.e5 dxc3 13.exf6 cxb2 14.fxe7 Nxe7 15.Ra2 Re8
16.Rxb2 Qa5 17.Bxe7 Rxe7 18.Qb3 Qd8 19.Rc1 e5 20.Ng5 Rb8 21.Nxf7  1-0

[Event "6th LCT GpA 2012"]
[Site "Leiden NED"]
[Date "2012.07.12"]
[Round "6.17"]
[White "Wilschut,P"]
[Black "Kolodkin,Daniil"]
[Result "1-0"]
[WhiteElo "2233"]
[BlackElo "1885"]

1.c4 c6 2.Nf3 d5 3.cxd5 cxd5 4.d4 Nf6 5.Nc3 Nc6 6.Bf4 e6 7.e3 Bb4 8.Bd3 Qa5
9.O-O Nh5 10.Bg5 h6 11.Bh4 Bxc3 12.bxc3 Qxc3 13.Rc1 Qb2 14.Rxc6 bxc6 15.Ne5 Nf6
16.Qf3 Bd7 17.Bxf6 gxf6 18.Qxf6 Rf8 19.Nxf7 Qa3 20.Nd6+  1-0

[Event "34th Oberwart Open A"]
[Site "Oberwart AUT"]
[Date "2012.07.12"]
[Round "6.36"]
[White "Hiebler,L"]
[Black "Pallitsch,C"]
[Result "0-1"]
[WhiteElo "1771"]
[BlackElo "2109"]

1.c4 c6 2.e4 d5 3.cxd5 cxd5 4.exd5 Qxd5 5.Nc3 Qd6 6.d4 Nf6 7.Nf3 a6 8.Bd3 g6
9.O-O Bg7 10.Re1 O-O 11.Bc2 Rd8 12.Bg5 Be6 13.Qd2 Nc6 14.Rad1 Nb4 15.Bb1 Nbd5
16.Bh6 Bg4 17.Ne4 Nxe4 18.Bxe4 e6 19.Bxg7 Kxg7 20.Rc1 Bxf3 21.Bxf3 Rd7 22.Re4 Ne7
23.Rd1 Rad8 24.Qc3 Kg8 25.h3 Qb6 26.Rg4 Nf5 27.d5 exd5 28.Rb4 Qe6 29.Qb3 b5
30.Qd3 h5 31.g4 hxg4 32.Bxg4 d4 33.a4 Qd6 34.Rb3 bxa4 35.Ra3 Qc6 36.Bxf5 gxf5
37.Qxf5 Rd6 38.Rg3+ Rg6 39.Qf4 d3 40.Kh2 Rxg3 41.Qxg3+ Qg6 42.Qxg6+ fxg6
43.Kg3 Kf7 44.Kf3 Kf6 45.Ke3 Kg5 46.Rxd3 Rxd3+ 47.Kxd3 Kh4 48.f4 Kxh3 49.Kd4 Kg2
50.Ke3 Kg3 51.Ke4 Kf2 52.Kd5 Kf3 53.Ke5 Ke3 54.f5 gxf5 55.Kxf5 Kd3 56.Ke5 Kc2
57.Kd4 Kxb2 58.Kd3 a3  0-1

[Event "34th Oberwart Open A"]
[Site "Oberwart AUT"]
[Date "2012.07.12"]
[Round "6.9"]
[White "Schachinger,M"]
[Black "Schwab,R"]
[Result "1-0"]
[WhiteElo "2382"]
[BlackElo "2244"]

1.c4 c6 2.Nc3 d5 3.e3 Nf6 4.Nf3 e6 5.b3 Nbd7 6.Bb2 b6 7.Be2 Bb7 8.cxd5 exd5
9.O-O Bd6 10.Rc1 O-O 11.d4 Re8 12.Re1 Ne4 13.Nxe4 dxe4 14.Nd2 Re6 15.g3 Bb4
16.a3 Bxd2 17.Qxd2 Nf6 18.b4 a6 19.a4 Nd5 20.b5 cxb5 21.axb5 a5 22.Ba3 Rh6
23.f3 exf3 24.Bxf3 Qg5 25.Qg2 Nxe3 26.Bxb7 Nxg2 27.Bxa8 Qd8 28.Bxg2 f5 29.d5 f4
30.Rc6 Rxh2 31.Kxh2 fxg3+ 32.Kg1 g6 33.Re7 Qf8 34.Rg7+ Qxg7 35.Rc8+ Kf7 36.Rc7+ Kg8
37.Rxg7+ Kxg7 38.d6  1-0

[Event "ch-SUI Hauptturnier 1 2012"]
[Site "Flims SUI"]
[Date "2012.07.13"]
[Round "2"]
[White "Cebalo,M"]
[Black "Kuhn,Th"]
[Result "1-0"]
[WhiteElo "2416"]
[BlackElo "2169"]

1.c4 c6 2.g3 d5 3.Nf3 Nf6 4.Bg2 dxc4 5.O-O Nbd7 6.Na3 Nb6 7.Qc2 Qd5 8.Ne1 Qf5
9.e4 Qh5 10.Nxc4 Bh3 11.Nf3 Bxg2 12.Kxg2 e6 13.d3 Be7 14.h3 Nxc4 15.Qxc4 Qc5
16.Qa4 O-O 17.Be3 Qb4 18.Qc2 Rfd8 19.Rfd1 Qa5 20.a3 c5 21.Rac1 Nd7 22.d4 cxd4
23.Rxd4 Bf6 24.Ra4 Qb5 25.Rb4 Qa6 26.e5 Bxe5 27.Nxe5 Nxe5 28.Qc7 Qd6 29.Qxd6 Rxd6
30.Rxb7 Nc6 31.Rc7  1-0

[Event "ch-SUI Hauptturnier 1 2012"]
[Site "Flims SUI"]
[Date "2012.07.13"]
[Round "2"]
[White "Simon,Ra"]
[Black "Botta,Ga"]
[Result "0-1"]
[WhiteElo "2148"]
[BlackElo "2334"]

1.c4 c6 2.Nf3 Nf6 3.Nc3 d5 4.e3 Bg4 5.Qb3 Qb6 6.Ne5 Qxb3 7.axb3 Be6 8.d4 Nbd7
9.f4 Nxe5 10.dxe5 Ne4 11.Nxe4 dxe4 12.Bd2 f6 13.Bc3 Kf7 14.g3 g6 15.Bg2 Bf5
16.h3 h5 17.Rg1 Bg7 18.O-O-O Rad8 19.Rde1 fxe5 20.fxe5 Bh6 21.Bd2 Ke6 22.g4 hxg4
23.hxg4 Bxg4 24.Bxe4 Bf5 25.Bxf5+ gxf5 26.Rg6+ Kf7 27.Rg2 e6 28.e4 Rxd2  0-1

[Event "Turkish Bank Chess League 2012"]
[Site "Konya TUR"]
[Date "2012.07.13"]
[Round "3"]
[White "Yilmaz,M"]
[Black "Savran,S"]
[Result "1-0"]
[WhiteElo "2543"]
[BlackElo "1891"]

1.c4 c6 2.Nf3 Nf6 3.d4 d5 4.Qb3 e6 5.Bg5 Nbd7 6.Nc3 Be7 7.e3 O-O 8.Bd3 h6
9.Bh4 dxc4 10.Bxc4 Nd5 11.Bg3 b6 12.O-O Bb7 13.Rad1 b5 14.Nxd5 cxd5 15.Bxb5 Nf6
16.Rc1 Bd6 17.Bd3 Bxg3 18.hxg3 Rb8 19.Qa3 Ng4 20.Qxa7 Re8 21.Ne5 h5 22.Be2 Nxe5
23.dxe5 g6 24.Rc3 d4 25.Qxd4 Qe7 26.Rfc1 Red8 27.Qh4 Rd2 28.R1c2 Rbd8  1-0

[Event "Turkish Bank Chess League 2012"]
[Site "Konya TUR"]
[Date "2012.07.13"]
[Round "3"]
[White "Galkin,A"]
[Black "Keler,F"]
[Result "1-0"]
[WhiteElo "2615"]
[BlackElo "2238"]

1.c4 c6 2.e4 d5 3.exd5 cxd5 4.cxd5 Nf6 5.Qa4+ Nbd7 6.Nc3 g6 7.Bc4 Bg7 8.d3 O-O
9.Nf3 a6 10.Qa3 b6 11.O-O Bb7 12.Be3 b5 13.Bb3 Nb6 14.Bxb6 Qxb6 15.Qxe7 Rad8
16.Qe3 Qd6 17.Ne4 Qb8 18.d6 Nxe4 19.dxe4 Qxd6 20.Rad1 Qe7 21.Rxd8 Rxd8 22.Ng5 Rf8
23.Re1 Bxb2 24.e5 Kg7 25.Re2 Bd4 26.Qf4 Bc5 27.Rc2 Bd6 28.Qf6+ Qxf6 29.exf6+ Kxf6
30.Nxh7+ Kg7 31.Nxf8 Kxf8 32.Rd2 Ke7 33.Bxf7 Bf4 34.Rd1 g5 35.Bd5 Bc8 36.g3 Be5
37.Rc1 Bd7 38.h4 gxh4 39.gxh4 a5 40.Bc6 Be6 41.Rc5 Kd6 42.Rxb5 Bc3 43.Be8 Bxa2
44.h5 Ke7 45.Rb8 Bd5 46.Ba4 Kf6 47.Bc2 Kg7 48.Rb6  1-0

[Event "III Maravilhosa Open 2012"]
[Site "Laranjeiras BRA"]
[Date "2012.07.13"]
[Round "2.19"]
[White "Santos Junior,Ailton Antonio"]
[Black "London,Eduardo"]
[Result "1-0"]
[WhiteElo "2017"]
[BlackElo "1806"]

1.c4 c6 2.Nf3 d5 3.d4 Nf6 4.g3 dxc4 5.Bg2 b5 6.O-O Bb7 7.Ne5 e6 8.Nc3 Qc8
9.e4 b4 10.Ne2 c5 11.d5 exd5 12.exd5 Be7 13.Nf4 O-O 14.Nxc4 Rd8 15.Qe2 Qc7
16.Rd1 Ne8 17.Re1 Bf8 18.b3 Nd7 19.Bb2 Nd6 20.Qg4 g6 21.Rad1 Bg7 22.Bxg7 Kxg7
23.Re7 Nf5 24.Qxf5 gxf5 25.Ne6+ Kf6 26.Nxc7 Kxe7 27.d6+ Kf6 28.Bxb7 Rab8
29.Bf3 Ne5 30.Nd5+ Ke6 31.Nf4+ Kf6 32.Nh5+ Ke6 33.Bd5+  1-0

[Event "34th Oberwart Open A"]
[Site "Oberwart AUT"]
[Date "2012.07.13"]
[Round "7.2"]
[White "Saric,A"]
[Black "Froewis,G"]
[Result "1/2-1/2"]
[WhiteElo "2503"]
[BlackElo "2366"]

1.c4 c6 2.e4 d5 3.exd5 cxd5 4.cxd5 Nf6 5.Nc3 Nxd5 6.Nf3 Nc6 7.Bb5 Nxc3 8.bxc3 Qd5
9.Qe2 Bg4 10.Bd3 Bxf3 11.Qxf3 Qxf3 12.gxf3 O-O-O 13.Ke2 g6 14.Be4 Bh6 15.h4 Kc7
16.h5 Bf4 17.d4 Bxc1 18.Raxc1 e6 19.f4 Rhe8 20.Rb1 b6 21.a4 Rd7 22.Kf3 Rc8
23.hxg6 hxg6 24.Bxc6 Kxc6 25.Ke4 Kb7 26.Kd3 Ka6 27.Rb5 Rdc7 28.Rb3 Ka5 29.Rb5+ Ka6
30.Rb3 Rd7 31.Rb5 Rdc7 32.Ke4  1/2-1/2

[Event "ch-NOR 2012"]
[Site "Sandefjord NOR"]
[Date "2012.07.13"]
[Round "8.9"]
[White "Forsaa,E"]
[Black "Haarr,J"]
[Result "1/2-1/2"]
[WhiteElo "2307"]
[BlackElo "2239"]

1.c4 c6 2.Nf3 Nf6 3.Nc3 d5 4.e3 e6 5.b3 Nbd7 6.Bb2 Bd6 7.Qc2 O-O 8.h3 Re8
9.g4 e5 10.cxd5 Nxd5 11.Ne4 Bc7 12.a3 N7f6 13.Ng3 e4 14.Nd4 Bxg3 15.fxg3 Qd6
16.Ne2 b6 17.O-O-O a5 18.g5 Nd7 19.Nd4 Nc5 20.Kb1 Bd7 21.g4 a4 22.b4 Nb3
23.Nf5 Bxf5 24.gxf5 Rad8 25.Bc4 b5 26.Bxb3 axb3 27.Qxb3 Nb6 28.g6 Qd3+ 29.Qxd3 Rxd3
30.gxf7+ Kxf7 31.Rhg1 Rg8 32.Rg4 Nc4 33.Bd4 Nxa3+ 34.Ka2 Nc4 35.Rdg1 Rxd2+
36.Kb1 Rxd4 37.exd4 Kf6 38.Kc1 e3 39.Kd1 Nd6 40.Ke2 Nxf5 41.Rc1 Ne7 42.Kxe3 Nd5+
43.Kf3 Rc8 44.Re1 Kf7 45.h4 Nxb4 46.h5 Nd5 47.Reg1 Rg8 48.Ra1 Kf6 49.Ra7 Ne7
50.Rf4+ Nf5 51.Rc7 Kg5 52.Rg4+ Kxh5 53.Rxc6 Rf8 54.Rc5 g5 55.Rg1 Nxd4+ 56.Ke3 Ne6
57.Rxb5 Rf6 58.Rb8 Kg6 59.Rg8+ Kf5 60.Kf3 h5  1/2-1/2

[Event "ch-NOR 2012"]
[Site "Sandefjord NOR"]
[Date "2012.07.13"]
[Round "8.6"]
[White "Stokke,K"]
[Black "Hole,O"]
[Result "0-1"]
[WhiteElo "2395"]
[BlackElo "2356"]

1.c4 c6 2.g3 d5 3.Bg2 Nf6 4.Nf3 dxc4 5.O-O e6 6.a4 a5 7.Na3 Be7 8.Nxc4 O-O
9.b3 Na6 10.Bb2 Nb4 11.Nfe5 Nd7 12.d4 f6 13.Nd3 Nb6 14.e4 Qc7 15.Ne3 Rd8
16.Nxb4 Bxb4 17.Qc2 Qe7 18.Rad1 Bd7 19.Ba1 Be8 20.Qe2 Bf7 21.Qg4 Qe8 22.Rc1 Bh5
23.Qf4 Be2 24.Qc7 Rd7 25.Qxb6 Ra6 26.Qxa6 bxa6 27.Rc2 Bd3 28.Rfc1 Bxc2 29.Rxc2 e5
30.d5 cxd5 31.exd5 Qb8 32.Bh3 Rc7 33.Be6+ Kf8 34.Nc4 Bc5 35.Nxa5 Qb4 36.Nc6 Qe1+
37.Kg2 Qe4+  0-1

[Event "2nd Science Park Open A"]
[Site "Amsterdam NED"]
[Date "2012.07.14"]
[Round "1"]
[White "Bakre,T"]
[Black "Mellema,A"]
[Result "1-0"]
[WhiteElo "2482"]
[BlackElo "2167"]

1.c4 c6 2.d4 d5 3.Nf3 Nf6 4.Nbd2 Bf5 5.Nh4 Bg6 6.Qb3 Qb6 7.Nxg6 hxg6 8.e3 e6
9.Be2 Bd6 10.c5 Qxb3 11.axb3 Bc7 12.f4 a5 13.b4 Na6 14.bxa5 Nb4 15.Kf2 Nc2
16.Ra4 Rxa5 17.Rxa5 Bxa5 18.Bf3 Ke7 19.Nb3 Ra8 20.Ke2 Bb4 21.Kd1 Na1 22.Nxa1 Rxa1
23.Kc2 Nd7 24.Rd1 Kd8 25.Kb3 Rxc1 26.Rxc1 Bd2 27.Rd1 Bxe3 28.g3 g5 29.fxg5 Bxg5
30.Kc2 Bf6 31.b4 b6 32.Bg4 Kc7 33.Kd3 Be7 34.Re1 Nf6 35.Bf3 Nd7 36.Bh5 bxc5
37.bxc5 e5 38.Bxf7 Bf6 39.Be6 exd4 40.Bxd7 Kxd7 41.Ra1 Be5 42.Ra7+ Ke6 43.h4 Bxg3
44.h5 Be5 45.Rb7 Kf6 46.Rb6 Kg5 47.Rxc6 Kxh5 48.Re6 Bf4 49.c6 g5 50.Kxd4 Bc7
51.Re7 Bb6+ 52.Kxd5 Kg4 53.Ke4 Kg3 54.c7 Bxc7 55.Rxc7 g4 56.Rc3+  1-0

[Event "2nd Science Park Open A"]
[Site "Amsterdam NED"]
[Date "2012.07.14"]
[Round "1"]
[White "Bosboom,M"]
[Black "Punt,R"]
[Result "1-0"]
[WhiteElo "2375"]
[BlackElo "2141"]

1.c4 c6 2.Nf3 d5 3.Qc2 Nf6 4.b3 e6 5.Bb2 Be7 6.e3 O-O 7.Nc3 c5 8.g4 Nc6 9.g5 Ne8
10.Bd3 g6 11.h4 d4 12.a3 dxc3 13.Qxc3 e5 14.Be4 Nd6 15.Bxc6 bxc6 16.h5 Bg4
17.Nxe5 Ne4 18.hxg6 fxg6 19.Nxg4 Nxc3 20.Nh6+ Kg7 21.Bxc3+ Rf6 22.Ng4 Kg8
23.gxf6 Bf8 24.Ke2 Qd6 25.Rag1 Re8 26.Rxh7 Kxh7 27.f7 Re5 28.Bxe5  1-0

[Event "Werner-Ott-Open 2012"]
[Site "Berlin GER"]
[Date "2012.07.14"]
[Round "8.13"]
[White "Bjarnehag,P"]
[Black "Dimitrijeski,K"]
[Result "1-0"]
[WhiteElo "2177"]
[BlackElo "2184"]

1.c4 c6 2.d4 d5 3.Nf3 Nf6 4.Nc3 dxc4 5.a4 Bf5 6.Ne5 Nbd7 7.Nxc4 Nb6 8.Ne5 a5
9.f3 Nfd7 10.Nxd7 Qxd7 11.e4 Bg6 12.Be3 e6 13.d5 Nc8 14.dxc6 Qxd1+ 15.Rxd1 bxc6
16.Nb5 Bb4+ 17.Kf2 O-O 18.Nd4 Ne7 19.Be2 Rfd8 20.Rc1 Rac8 21.Rhd1 Kf8 22.Nc2 c5
23.Nxb4 cxb4 24.Rxc8 Rxc8 25.Bb6 f6 26.Bxa5 b3 27.Rd8+ Rxd8 28.Bxd8 Nc6 29.Bb6 f5
30.a5 Ne7 31.Bc5 Be8 32.exf5 exf5 33.a6  1-0

[Event "Sparkassen Open A"]
[Site "Dortmund GER"]
[Date "2012.07.14"]
[Round "1.12"]
[White "Dyballa,G"]
[Black "Boehm,Ju2"]
[Result "0-1"]
[WhiteElo "1986"]
[BlackElo "2225"]

1.c4 c6 2.e4 e5 3.Nc3 Bc5 4.Nf3 d6 5.d4 exd4 6.Nxd4 Nf6 7.Be2 O-O 8.O-O Re8
9.Bf3 Be6 10.Nxe6 Rxe6 11.Bf4 Nbd7 12.Re1 Qe7 13.a3 Ne5 14.b4 Nxf3+ 15.gxf3 Nh5
16.Bg3 Nxg3 17.hxg3 Bb6 18.Na4 Bc7 19.Qd2 Re8 20.Rad1 Rh6 21.Kg2 Qe6 22.Rh1 Rxh1
23.Rxh1 Qxc4 24.Qc3 Qxc3 25.Nxc3 Bd8 26.a4 Bf6 27.Rc1 a5 28.b5 Bxc3 29.Rxc3 cxb5
30.axb5 a4 31.Kf1 Ra8 32.Ra3 Kf8 33.Ke2 Ke7 34.Kd3 Ke6 35.Kd4 h5 36.f4 g6
37.f5+ gxf5 38.exf5+ Kxf5 39.Kd5 Ra5 40.Kxd6 Rxb5 41.Rxa4 Kg5 42.Ra8 Rf5
43.Rg8+ Kf6 44.f4 h4 45.gxh4 Rxf4 46.h5 Rh4 47.Rb8 Rxh5 48.Rxb7 Kg6 49.Rb1 f6
50.Rg1+ Kf7 51.Ra1 Rb5 52.Rg1 f5 53.Rf1 Kf6 54.Rf2 Ra5 55.Rf1 Ra4 56.Kd5 f4
57.Rg1 Kf5 58.Rg8 f3 59.Rf8+ Kg4 60.Ke5 Kg3 61.Rg8+ Kh2 62.Rf8 Kg2 63.Rg8+ Kf1
64.Rb8 f2 65.Rb7 Kg2 66.Rg7+ Kf3 67.Rf7+ Ke2  0-1

[Event "27th Gniota Memorial"]
[Site "Police POL"]
[Date "2012.07.14"]
[Round "4.9"]
[White "Zschaebitz,K"]
[Black "Tokarczyk,T"]
[Result "0-1"]
[WhiteElo "2105"]
[BlackElo "2220"]

1.c4 c6 2.d4 d5 3.Nf3 Nf6 4.e3 Bf5 5.Nc3 e6 6.Qb3 Qc7 7.Nh4 Be4 8.f3 Bg6
9.Bd2 Be7 10.Be2 dxc4 11.Qxc4 Nd5 12.Nxg6 hxg6 13.g3 Nxc3 14.bxc3 Rxh2 15.Rg1 Nd7
16.e4 O-O-O 17.Qa4 Qb6 18.Qb3 Rdh8 19.Bf1 Ne5 20.Qd1 Rxd2 21.Kxd2 Qb2+ 22.Ke3 Rh2
23.Qe1 Rc2 24.dxe5 Rxc3+ 25.Kf4 Qh2 26.Bh3 Qxh3 27.Qxc3 Qh6+ 28.Kg4 Qh5+
29.Kf4 Bg5+  0-1

[Event "Chess House IM 2012"]
[Site "Aarhus DEN"]
[Date "2012.07.15"]
[Round "8.4"]
[White "Jacobsen,Bo"]
[Black "Skytte,R"]
[Result "1/2-1/2"]
[WhiteElo "2302"]
[BlackElo "2401"]

1.c4 c6 2.g3 d5 3.Nf3 Nf6 4.Bg2 Bf5 5.cxd5 cxd5 6.Qb3 Nc6 7.Qxb7 Bd7 8.Qb3 e5
9.O-O Bd6 10.d3 Rb8 11.Qd1 O-O 12.Nfd2  1/2-1/2

[Event "ch-PHI Grand Final 2012"]
[Site "Boracay PHI"]
[Date "2012.07.15"]
[Round "1.1"]
[White "Sadorra,J"]
[Black "Torre,E"]
[Result "1/2-1/2"]
[WhiteElo "2525"]
[BlackElo "2469"]

1.c4 c6 2.d4 d5 3.Nf3 Nf6 4.Nc3 dxc4 5.a4 Bf5 6.e3 e6 7.Bxc4 Bb4 8.O-O O-O
9.Qe2 Nbd7 10.e4 Bg6 11.Bd3 Bh5 12.e5 Nd5 13.Nxd5 cxd5 14.Qe3 Bg6 15.Ng5 Re8
16.f4 Nf8 17.g4 Bxd3 18.Qxd3 Rc8 19.Be3 Be7 20.a5 Bxg5 21.fxg5 a6 22.h4 Qc7
23.Bd2 Qc2 24.Qe3 Qe4 25.Qxe4 dxe4 26.h5 Red8 27.Bc3 Nd7 28.Rf4 Nb8 29.Raf1 e3
30.R1f3 Rc7 31.Kf1 Nc6 32.Ke2 Rcd7 33.Rxe3 Ne7 34.Rf1 Nd5 35.Ref3 Rc8 36.Kd2 Rdc7
37.Kc2  1/2-1/2

[Event "Turkish Bank Chess League 2012"]
[Site "Konya TUR"]
[Date "2012.07.15"]
[Round "5"]
[White "Yurtseven,M"]
[Black "Savran,S"]
[Result "1-0"]
[WhiteElo "2148"]
[BlackElo "1891"]

1.c4 c6 2.Nf3 Nf6 3.g3 d5 4.Bg2 g6 5.b3 Bg7 6.Bb2 O-O 7.O-O Qb6 8.Na3 Na6
9.d3 Rd8 10.h3 Nb4 11.Qc1 a5 12.Be5 Nd7 13.Bxg7 Kxg7 14.Nb1 Nf6 15.Nbd2 h6
16.Qb2 Be6 17.Rfc1 Qa7 18.a3 Na6 19.b4 b6 20.Ne5 Rdc8 21.Nb3 Kg8 22.bxa5 c5
23.Rab1 Rab8 24.Qd2 Kh7 25.cxd5 Nxd5 26.Rc4 Qc7 27.Ng4 h5 28.Qg5 Rd8 29.Ne5 Nf6
30.Rh4 bxa5 31.Nd2 Rxb1+ 32.Nxb1 Kg7 33.Nc3 Nb8 34.g4  1-0

[Event "2nd Science Park Open A"]
[Site "Amsterdam NED"]
[Date "2012.07.16"]
[Round "3"]
[White "Bakre,T"]
[Black "De Saegher,C"]
[Result "1-0"]
[WhiteElo "2482"]
[BlackElo "2208"]

1.c4 c6 2.d4 d5 3.Nf3 Nf6 4.Nbd2 e6 5.g3 Be7 6.Bg2 O-O 7.O-O Nbd7 8.Qc2 b6
9.e4 Bb7 10.e5 Ne8 11.cxd5 cxd5 12.Re1 Rc8 13.Qa4 Qc7 14.Bf1 Bc6 15.Qd1 Nb8
16.Bd3 Bb7 17.Nf1 Ba6 18.Bb1 h6 19.h4 f5 20.exf6 Nxf6 21.Rxe6 Bd6 22.Ne5 Rcd8
23.Bf4 Bc8 24.Rxd6 Rxd6 25.Ng6 Rfd8 26.Ne3 Nc6 27.Bf5 Bxf5 28.Nxf5 Qf7 29.Ne5 Nxe5
30.Nxd6 Rxd6 31.dxe5  1-0

[Event "11th Condom Open A"]
[Site "Condom FRA"]
[Date "2012.07.16"]
[Round "4.10"]
[White "Larand,M"]
[Black "Lacroix,R"]
[Result "0-1"]
[WhiteElo "2044"]
[BlackElo "2230"]

1.c4 c6 2.Nf3 d5 3.g3 Nf6 4.Bg2 Bf5 5.cxd5 cxd5 6.Qb3 Qb6 7.Qxb6 axb6 8.Nc3 Nc6
9.O-O e6 10.d3 Bd6 11.Rd1 Ke7 12.Bg5 h6 13.e4 hxg5 14.exf5 g4 15.Nd2 Nd4
16.fxe6 fxe6 17.Rac1 Nd7 18.f4 Bc5 19.Kh1 Nf5 20.Nf1 Bf2 21.Rc2 Bxg3 22.Bxd5 exd5
23.Nxd5+ Kd6 24.Nc7 Rxa2 25.Nxg3 Nxg3+ 26.Kg2 Nf5 27.Nb5+ Ke7 28.Re1+ Kf6
29.Nc3 Raa8 30.Nd5+ Kg6 31.Rc7 Nf6 32.Nxb6 Rae8 33.Re5 Ne3+ 34.Kg1 Rxe5 35.fxe5 Ne8
36.Re7 Rf8 37.Re6+ Kh5 38.h3 g3  0-1

[Event "5th Paleochora Open"]
[Site "Paleochora GRE"]
[Date "2012.07.17"]
[Round "2.2"]
[White "David,Alb"]
[Black "Xylogiannopoulos,A"]
[Result "1-0"]
[WhiteElo "2605"]
[BlackElo "2129"]

1.c4 c6 2.Nf3 Nf6 3.g3 d5 4.Qc2 dxc4 5.Qxc4 Qd5 6.Qa4 Qh5 7.Nc3 Nbd7 8.h3 Nc5
9.Qd4 Ne6 10.Qc4 Qc5 11.Qxc5 Nxc5 12.Bg2 g6 13.Ne5 Nfd7 14.Nc4 Bg7 15.O-O O-O
16.b3 b5 17.Na5 b4 18.Nxc6 Rb8 19.d4 bxc3 20.dxc5 c2 21.Be3 Bxa1 22.Rxa1 Rb5
23.Nxe7+ Kg7 24.Rc1 Re8 25.Bc6  1-0

[Event "16th Battle of Senta Open A"]
[Site "Senta SRB"]
[Date "2012.07.17"]
[Round "5.6"]
[White "Farkas,Ti"]
[Black "Matsenko,S"]
[Result "0-1"]
[WhiteElo "2256"]
[BlackElo "2460"]

1.c4 c6 2.e4 d5 3.exd5 cxd5 4.d4 Nf6 5.Nc3 e6 6.c5 Be7 7.Nf3 O-O 8.Qc2 b6
9.b4 Bb7 10.Rb1 Ne4 11.Bd3 f5 12.h4 Bf6 13.Ne2 bxc5 14.bxc5 Ba6 15.Nf4 Bxd3
16.Nxd3 Nc6 17.Be3 Qa5+ 18.Kf1 f4 19.Nxf4 Nxd4 20.Bxd4 Bxd4 21.Nd3 Bxc5 22.Nxc5 Qxc5
23.Qxc5 Nxc5 24.Ke2 Rac8 25.Rhc1 Ne4 26.Ke3 Nd6 27.g3 Rc4 28.Rxc4 Nxc4+ 29.Ke2 Rxf3  0-1

[Event "11th Condom Open A"]
[Site "Condom FRA"]
[Date "2012.07.18"]
[Round "6.5"]
[White "Carmaciu,L"]
[Black "Lacroix,R"]
[Result "1/2-1/2"]
[WhiteElo "2386"]
[BlackElo "2230"]

1.c4 c6 2.e4 d5 3.exd5 cxd5 4.cxd5 Nf6 5.Nc3 g6 6.Bc4 Bg7 7.Nf3 O-O 8.O-O Na6
9.Qb3 Nc7 10.a4 b6 11.Ne5 Qd6 12.d4 Bb7 13.Bf4 Ncxd5 14.Bg3 Qd8 15.a5 Rc8
16.axb6 axb6 17.Ra7 Nxc3 18.Bxf7+ Kh8 19.Rxb7 Ne2+ 20.Kh1 Qxd4 21.Nf3 Nxg3+
22.hxg3 Qc5 23.Be6 Rc6 24.Qa2  1/2-1/2

[Event "35th Taminco Open"]
[Site "Ghent BEL"]
[Date "2012.07.18"]
[Round "9.4"]
[White "Hovhanisian,M"]
[Black "Van der Stricht,G"]
[Result "0-1"]
[WhiteElo "2485"]
[BlackElo "2403"]

1.c4 c6 2.e4 d5 3.exd5 cxd5 4.d4 Nf6 5.Nc3 e6 6.Nf3 Bb4 7.cxd5 Nxd5 8.Qc2 Nc6
9.Be2 O-O 10.O-O Be7 11.Rd1 Bf6 12.Qe4 Nce7 13.h4 Bd7 14.Bd3 g6 15.h5 Rc8
16.hxg6 hxg6 17.Bh6 Re8 18.Rac1 Nf5 19.Bd2 Nb4 20.d5 a5 21.Bb1 exd5 22.Qf4 Rc4
23.Qh2 Nh4 24.a3 Rg4 25.Nxh4 Rxh4 26.Qxh4 Bxh4 27.axb4 Qf6 28.Rf1 axb4 29.Nxd5 Qd4
30.Nc7 Qxd2 31.g3 Bxg3 32.Nxe8 Bxf2+  0-1

[Event "ch-SUI Hauptturnier 1 2012"]
[Site "Flims SUI"]
[Date "2012.07.19"]
[Round "8"]
[White "Simon,Ra"]
[Black "Kappeler,K"]
[Result "1-0"]
[WhiteElo "2148"]
[BlackElo "2297"]

1.c4 c6 2.Nf3 Nf6 3.e3 d5 4.Nc3 a6 5.Qc2 Bg4 6.Ne5 Be6 7.d4 Nbd7 8.Nxd7 Bxd7
9.Qb3 Bc8 10.a4 e6 11.Be2 Be7 12.O-O O-O 13.Rd1 Qc7 14.Bd2 dxc4 15.Qxc4 Bd6
16.f4 b6 17.Rac1 Bb7 18.Qa2 Rfd8 19.Be1 g5 20.fxg5 Bxh2+ 21.Kh1 Nd5 22.Ne4 c5
23.Qb3 Bd6 24.dxc5 Bxc5 25.Bg3 Qe7 26.Be5 f5 27.gxf6 Qf8 28.Nxc5 Qh6+ 29.Bh2 Nxe3
30.Qxe6+ Kh8 31.Rxd8+ Rxd8 32.Nxb7 Ng4 33.Bxg4 Qxc1+ 34.Bg1 Qh6+ 35.Bh3 Rf8
36.f7 Qf4 37.Nd6  1-0

[Event "112th ch-SUI 2012"]
[Site "Flims SUI"]
[Date "2012.07.19"]
[Round "8.1"]
[White "Zueger,B"]
[Black "Domont,A"]
[Result "0-1"]
[WhiteElo "2412"]
[BlackElo "2364"]

1.c4 c6 2.Nf3 d5 3.e3 g6 4.d4 Bg7 5.Nc3 Nf6 6.Bd3 O-O 7.O-O dxc4 8.Bxc4 Bg4
9.h3 Bxf3 10.Qxf3 Nbd7 11.Rd1 e5 12.Bb3 Qe7 13.Bd2 Rad8 14.a3 c5 15.Na4 exd4
16.exd4 Ne4 17.Ba5 b6 18.Re1 Bxd4 19.Rxe4 Ne5 20.Rxe5 Qxe5 21.Re1 Qg5 22.h4 Qxh4
23.Bc3 Rd6 24.Re4 Qg5 25.Rf4 Rd7 26.Bc4 Kg7 27.Bb5 Re7 28.Rxd4 cxd4 29.Bxd4+ f6
30.Nc3 Rd8 31.Be3 Qe5 32.Bc4 h5 33.g3 Qc7 34.Nd5 Qc6 35.Kg2 Re5 36.Bd4 Rexd5
37.Bxd5 Rxd5 38.Bxf6+ Kf7 39.Bc3+ Ke8 40.Bb4 a5 41.Bf8 Kd7 42.Kg1 Rf5 43.Qd1+ Qd5
44.Qa4+ b5  0-1

[Event "5th Paleochora Open"]
[Site "Paleochora GRE"]
[Date "2012.07.19"]
[Round "5.4"]
[White "Henrichs,T"]
[Black "Volkov,Sergey1"]
[Result "1/2-1/2"]
[WhiteElo "2505"]
[BlackElo "2594"]

1.c4 c6 2.Nf3 d5 3.e3 Nf6 4.Nc3 a6 5.Qc2 g6 6.d4 Bg7 7.Bd3 Bg4 8.Ne5 Be6
9.O-O Nbd7 10.Nxd7 Qxd7 11.c5 Bf5 12.Bxf5 Qxf5 13.Qxf5 gxf5 14.f3 h5 15.Bd2 h4
16.Ne2 Nd7 17.Rac1 Rg8 18.Ba5 e5 19.Bc7 Rc8 20.Bd6 f6 21.f4 e4 22.Rc3 Bf8
23.Bxf8 Nxf8 24.Nc1 Ne6 25.Nb3 Kd7 26.Na5 Kc7 27.Rb3 Nd8 28.Rb6 Ra8 29.Rc1 Rg7
30.Rc3 Ra7 31.Rcb3 Kc8  1/2-1/2

[Event "23rd Czech Open Rapid"]
[Site "Pardubice CZE"]
[Date "2012.07.19"]
[Round "8.4"]
[White "Pap,G"]
[Black "Buhmann,R"]
[Result "0-1"]
[WhiteElo "2566"]
[BlackElo "2571"]

1.c4 c6 2.Nc3 d5 3.e3 Nf6 4.Nf3 a6 5.Qc2 g6 6.d4 Bg7 7.Bd3 O-O 8.O-O Bg4
9.Ne5 Be6 10.c5 Nbd7 11.Nxd7 Bxd7 12.b4 Ng4 13.f4 Nh6 14.a4 Bf5 15.Bd2 f6
16.Kh1 Qd7 17.b5 axb5 18.axb5 e5 19.Rxa8 Rxa8 20.fxe5 fxe5 21.e4 dxe4 22.Nxe4 Nf7
23.Bc4 exd4 24.bxc6 bxc6 25.Qb3 Bxe4 26.Rxf7 Kh8 27.h3 Qxf7  0-1

[Event "7th Nana Aleksandria Cup"]
[Site "Poti GEO"]
[Date "2012.07.19"]
[Round "7.8"]
[White "Khelaia,G"]
[Black "Manukyan,SaV"]
[Result "0-1"]
[WhiteElo "2051"]
[BlackElo "2349"]

1.c4 c6 2.Nf3 d5 3.g3 Nf6 4.Bg2 Bf5 5.b3 e6 6.Bb2 Nbd7 7.O-O Be7 8.d3 h6
9.Nbd2 O-O 10.a3 a5 11.Re1 Bh7 12.Rc1 Re8 13.Nf1 Bf8 14.d4 b5 15.Ne5 bxc4
16.bxc4 Qb6 17.Qd2 Reb8 18.cxd5 cxd5 19.Nxd7 Nxd7 20.Bc3 Bxa3 21.Ra1 Bb4
22.e4 dxe4 23.Bxb4 Qxb4 24.Bxe4 Bxe4 25.Rxe4 Qxd2 26.Nxd2 Rb4 27.Nf3 Nc5
28.Re5 Nb3 29.Ra2 Rd8 30.Nd2 Nxd2 31.Rxd2 Rd5 32.Re4 a4 33.Kg2 Kf8 34.g4 Ke7
35.h3 Kd6 36.Rf4 f5 37.gxf5 exf5 38.Rf3 Rbxd4 39.Rxd4 Rxd4 40.Rxf5 Rd5 41.Rf7 Ra5
42.Rxg7 Rg5+  0-1